Groupe Kpop - Statistiques

Statistiques générales
  • Ce quiz a été pris 3 543 fois
  • Le résultat moyen est 80 sur 174
Statistiques - réponses
Group Idols % Correct
MCND Castle J
99%
Lisa
96%
BlackPink Jennie
95%
Jisoo
95%
Rosé
95%
V
94%
Jun
92%
Bts RM
91%
Jimin
91%
JungKook
91%
Ex Member Jiin
90%
Jin
90%
Felix
89%
J-Hope
89%
Suga
89%
Stray Kids BangChan
87%
Han
86%
I.N
83%
San
83%
E:U
82%
Changbin
80%
Hyunjin
80%
Lee Know
79%
Win
78%
Aespa Karina
76%
NI-KI
75%
Seungmin
74%
Winter
74%
Momo
72%
Twice Nayeon
71%
Giselle
70%
Yeji
70%
Jay
69%
Jake
68%
NingNing
68%
Itzy Lia
67%
Mamamoo Hwasa
65%
Sana
65%
Yuna
65%
Danielle
64%
Minnie
64%
Sakura
64%
Huening Kai
63%
Mina
63%
Sunoo
63%
Yeonjun
63%
Heeseung
61%
Ryujin
61%
TXT Soobin
61%
Tzuyu
61%
LE SSERAFIM Chaewon
60%
Jihyo
60%
(G)I-DLE Soyeon
60%
Sunghoon
59%
Ex Member Woojin
59%
Yuqi
59%
Yunjin
57%
Beomgyu
56%
Eunchae
56%
Red Velvet Irene
56%
Enhypen Jungwon
56%
Kazuha
56%
NMIXX Lily
56%
Taehyun
56%
Ive Wonyoung
56%
Dahyun
54%
Hanni
54%
IU
54%
Miyeon
53%
MoonBin
53%
Chaeyoung
52%
Mingi
52%
Wooyoung
52%
Chaeryeong
51%
Astro Eunwoo
51%
Shuhua
50%
Solar
50%
Ex Member Soojin
50%
Liz
49%
Minji
49%
Yujin
49%
Ex Member Garam
48%
Jeongyeon
48%
Seulgi
48%
Hoshi
47%
Joy
47%
Hyein
45%
Rei
45%
S.Coups
45%
Wendy
45%
Jongho
44%
Mark
44%
Mingyu
44%
Seventeen The8
44%
Woozi
44%
Dino
43%
NewJeans Haerin
43%
SeongHwa
43%
Vernon
43%
Yeosang
43%
Yunho
43%
Gaeul
42%
Moonbyul
42%
Ateez Hongjoong
40%
Joshua
39%
Leeseo
39%
Yeri
39%
Bae
36%
Wheein
35%
WonWoo
35%
Haewon
34%
JeongHan
34%
SeungKwan
34%
Sullyoon
33%
Jiwoo
32%
PSY
32%
Taeyong
32%
Ex Member Jinni
31%
Kyujin
30%
NCT 127 Johnny
29%
SNSD Taeyeon
28%
Jungwoo
27%
Taeil
27%
Dokyeom
25%
Do Young
25%
Jaehyun
25%
Mia
25%
Yuta
25%
Doyoung
24%
Haechan
24%
Sanha
24%
Rocky
23%
Everglow Aisha
22%
Haruto
21%
JinJin
21%
WinWin
21%
Onda
20%
Yiren
20%
MJ
19%
Yoona
19%
Ex Member Jessica
18%
Treasure Yoshi
18%
Tiffany
17%
Ex Member Yedam
17%
Yuri
15%
Sihyeon
14%
Sunny
14%
Asahi
13%
Hyunsuk
13%
Hyoyeon
12%
Jihoon
12%
Leedo
12%
Ex Member Ravn
12%
Girl's Day Hyeri
11%
Ex Member Mashiho
11%
Oneus Xion
11%
Bic
10%
Hwanwoong
9%
Junkyu
9%
Seoho
9%
Seohyun
9%
Sooyoung
9%
Jeongwoo
8%
Ex Member Jisun
8%
Junghwan
8%
Keonhee
8%
Minjae
8%
Huijun
7%
Jaehyuk
7%
Sojin
4%
Yura
4%
Ex Member Jihae
2%
YoonBin
1%
Aucun quiz correspondant
Distribution des résultats
% des personnes avec chaque résultat
Percentile par nombre de réponses
Votre historique - résultats
Vous n’avez pas pris ce quiz